000 00365 a2200169 4500
001 186599
020 _a85-329-0560-9
040 _cMagnum
100 _aMaria, Leda
240 1 0 _aO dia em que o papel acabou
_lpor
245 1 0 _aO dia em que o papel acabou
300 _a28
362 0 _a1998
440 1 _aLĂȘ
697 _aLITERATURA INFANTIL
942 _cBK
999 _c186599
_d186599